000 00670nam a2200229Ia 4500
003 OSt
005 20220924123436.0
006 a|||||r|||| 00| 0
007 ta
008 220923b |||||||| |||| 00| 0 tel d
024 _a330469
037 _cTextual
040 _aARTS
_cARTS
_btel
041 _2tel
_atel
082 _aO157,3M76w, 35L7
100 _aSengupta Subodhchandra Au.
_9192802
245 0 _aSaratchandra chatterji vyakti rachayita
260 _aNew Delhi
_b Aahitya Akademi India
_c1977
650 _aBENGALI LITERATURE
942 _hO157,3M76w, 35L7
_cTEXL
_2CC
999 _c415714
_d415714